Criminology and penology /

Saved in:
书目详细资料
主要作者: Paranjape N. V.
格式: 图书
版:13th ed.
主题:
标签: 添加标签
没有标签, 成为第一个标记此记录!

MARC

LEADER 00000cam a2200000 i 4500
005 20260416120527.0
020 |a N/A  |c TZS 21,000/= 
040 |a MCCL  |b eng.  |e AACR 2nd rev. ed. 
082 |a 364 PAR 
100 1 |a Paranjape N. V. 
245 1 0 |a Criminology and penology /  |c N. V. Paranjape 
250 |a 13th ed. 
300 |a xxxii,744p.:  |c 24 cm . 
546 |a eng. 
650 0 |a Criminology. 
942 |c BK 
999 |c 12668  |d 12668